[Event "Odysseus Spring B"]
[Site "Soborg"]
[Date "2009.04.30"]
[Round "3"]
[White "Mikkelsen, Claus E"]
[Black "Neesgaard Madsen, Helge"]
[Result "1/2-1/2"]
[WhiteElo "1484"]
[BlackElo "1699"]
[PlyCount "86"]
[EventDate "2009.04.16"]
[EventType "tourn"]
[EventRounds "5"]
[EventCountry "DEN"]
[SourceTitle "EXT 2023"]
[Source "ChessBase"]
[SourceDate "2022.10.05"]
[SourceVersion "1"]
[SourceVersionDate "2022.10.05"]
[SourceQuality "1"]

1. d4 d5 2. Nf3 e6 3. Bf4 f5 4. e3 Nf6 5. Nbd2 Be7 6. Bd3 0-0 7. Ne5 Ne4 8. f3 g5 9. fxe4 gxf4 10. exf4 fxe4 11. Qg4+ Kh8 12. Be2 Nd7 13. 0-0-0 Nxe5 14. fxe5 c5 15. c3 Bd7 16. Rhf1 Qc7 17. Kb1 Rac8 18. Rxf8+ Bxf8 19. Qf4 cxd4 20. cxd4 Qc2+ 21. Ka1 Bg7 22. Qe3 Rf8 23. Nb3 Qc7 24. Nc5 b6 25. Nxd7 Qxd7 26. Bg4 Qf7 27. a3 Qf2 28. Qxf2 Rxf2 29. Bxe6 e3 30. Ka2 Rxg2 31. Bxd5 Rxh2 32. Bc4 h5 33. e6 Bf6 34. Re1 Bxd4 35. e7 Rxb2+ 36. Ka1 Rb5+ 37. Ka2 Re5 38. Rh1 Rxe7 39. Rxh5+ Kg7 40. Bd3 e2 41. Rh7+ Kf6 42. Rxe7 Kxe7 43. Bxe2 Kd6 1/2-1/2